000
00320nam a2200133Ia 4500
008
240624s9999 xx 000 0 und d
041
_a
eng
082
_a
194 MAL
100
_a
MALPAS SIMON
245
_a
JEAN FRANCOIS LYOTARD
260
_c
2015
_a
New Delhi
_b
Routledge
300
_a
x, 156 p.; 19 cm.
365
_c
RS
_b
31
999
_c
29547
_d
29547